Rural development policy 2007-2013 (Record no. 120521)

MARC details
000 -LEADER
fixed length control field 00841cam a2200181 4500
001 - CONTROL NUMBER
control field ##WS135157
008 - FIXED-LENGTH DATA ELEMENTS--GENERAL INFORMATION
fixed length control field 061002n 000 0 eng u
035 ## - SYSTEM CONTROL NUMBER
System control number (Sirsi) u135157
041 0# - LANGUAGE CODE
Language code of text/sound track or separate title eng
110 2# - MAIN ENTRY--CORPORATE NAME
Corporate name or jurisdiction name as entry element European Commission
9 (RLIN) 2292
245 00 - TITLE STATEMENT
Title Rural development policy 2007-2013
520 ## - SUMMARY, ETC.
Summary, etc. Provides links to the key documents covering EU rural development policy in the period 2007-13 including the six strategic guidelines and the relevant Council Regulation on support for rural development by the European Agricultural Fund for Rural Development.
590 ## - LOCAL NOTE (RLIN)
Local note IKA031006
651 #4 - SUBJECT ADDED ENTRY--GEOGRAPHIC NAME
Geographic name EUROPEAN UNION
690 ## - LOCAL SUBJECT ADDED ENTRY--TOPICAL TERM (OCLC, RLIN)
Topical term or geographic name as entry element PROPERTY-RURAL AND NATURAL ASSETS-RURAL AND NATURAL ASSET DEVELOPMENT
856 ## - ELECTRONIC LOCATION AND ACCESS
Uniform Resource Identifier <a href="https://ec.europa.eu/agriculture/rurdev/index_en.htm">https://ec.europa.eu/agriculture/rurdev/index_en.htm</a>
Public note View the web pages free of charge at http://ec.europa.eu...
942 ## - ADDED ENTRY ELEMENTS (KOHA)
Suppress in OPAC 0
Holdings
Withdrawn status Lost status Source of classification or shelving scheme Damaged status Not for loan Home library Current library Shelving location Date acquired Total Checkouts Full call number Barcode Date last seen Copy number Price effective from Koha item type
    Dewey Decimal Classification     Virtual Virtual Online 02/10/2006   WEB SITE 135157-2001 06/08/2019 1 06/08/2019 Online material